ARRUPE JESUIT UNIVERSITY

CORONAVIRUS -STOP THE SPREAD - CLEAN,DISINFECT,COVER

The Oxford handbook of continental philosophy / (Record no. 128214)

MARC details
000 -LEADER
fixed length control field 02740cam a22003614a 4500
001 - CONTROL NUMBER
control field 16132625
003 - CONTROL NUMBER IDENTIFIER
control field ARRUPE
005 - DATE AND TIME OF LATEST TRANSACTION
control field 20180920144259.0
008 - FIXED-LENGTH DATA ELEMENTS--GENERAL INFORMATION
fixed length control field 100312r20092007enk 001 0 eng
010 ## - LIBRARY OF CONGRESS CONTROL NUMBER
LC control number 2010291972
015 ## - NATIONAL BIBLIOGRAPHY NUMBER
National bibliography number GBA978600
Source bnb
016 7# - NATIONAL BIBLIOGRAPHIC AGENCY CONTROL NUMBER
Record control number 015346384
Source Uk
020 ## - INTERNATIONAL STANDARD BOOK NUMBER
International Standard Book Number 9780199572991 (pbk.)
020 ## - INTERNATIONAL STANDARD BOOK NUMBER
International Standard Book Number 0199572992 (pbk.)
035 ## - SYSTEM CONTROL NUMBER
System control number (OCoLC)ocn430497059
040 ## - CATALOGING SOURCE
Original cataloging agency UKM
Transcribing agency UKM
Modifying agency DLC
042 ## - AUTHENTICATION CODE
Authentication code lccopycat
050 00 - LIBRARY OF CONGRESS CALL NUMBER
Classification number B803
Item number .O94 2009
082 04 - DEWEY DECIMAL CLASSIFICATION NUMBER
Classification number 190
Edition number 22
300 ## - PHYSICAL DESCRIPTION
Dimensions 25 cm.
245 04 - TITLE STATEMENT
Title The Oxford handbook of continental philosophy /
Statement of responsibility, etc Brian Leiter, Michael Rosen, editors.
246 30 - VARYING FORM OF TITLE
Title proper/short title Handbook of continental philosophy
250 ## - EDITION STATEMENT
Edition statement Pbk. [ed.]
260 ## - PUBLICATION, DISTRIBUTION, ETC. (IMPRINT)
Place of publication, distribution, etc Oxford, UK ;
-- New York :
Name of publisher, distributor, etc Oxford University Press,
Date of publication, distribution, etc 2009.
300 ## - PHYSICAL DESCRIPTION
Extent xi, 812 p. ;
500 ## - GENERAL NOTE
General note Originally published: 2007.
504 ## - BIBLIOGRAPHY, ETC. NOTE
Bibliography, etc Includes bibliographical references (p. [755]-795) and index.
505 0# - FORMATTED CONTENTS NOTE
Formatted contents note Problems of method -- Phenomenology as rigorous science / Taylor Carman -- Hermeneutics / Michael N. Forster -- Philosophical aestheticism / Sebastian Gardner -- The history of philosophy as philosophy / Michael Rosen -- Historicism / Frederick Beiser -- What have we been missing? : science and philosophy in twentieth-century french thought / Gary Gutting -- Marxism and the status of critique / Alex Callinicos -- Reason and consciousness -- Serpentine naturalism and protean nihilism : transcendental philosophy in anthropological post-kantianism, German idealism, and -- neo-kantianism / Paul Franks -- Dialectic, value objectivity, and the unity of reason / Fred Rush -- Overcoming epistemology / Herman Philipse -- Individual existence and the philosophy of difference / Robert Stern -- Consciousness in the world : husserlian phenomenology and externalism / Peter Poellner -- Human being -- Nihilism and the meaning of life / Julian Young -- 'The presentation of the infinite in the finite' : the place of God in post-kantian philosophy / Stephen Mulhall -- Being at home : human beings and human bodies / Maximilian de Gaynesford -- Freedom as autonomy / Kenneth Baynes -- The legacy of hellenic harmony / Jessica N. Berry -- Political, moral, and critical theory : on the practical philosophy of the Frankfurt School / James Gordon Finlayson -- The humanism debate / Thomas Baldwin -- Morality critics / Brian Leiter.
650 #0 - SUBJECT ADDED ENTRY--TOPICAL TERM
Topical term or geographic name as entry element Continental philosophy.
9 (RLIN) 42409
700 1# - ADDED ENTRY--PERSONAL NAME
Personal name Leiter, Brian.
9 (RLIN) 42410
700 1# - ADDED ENTRY--PERSONAL NAME
Personal name Rosen, Michael,
Dates associated with a name 1952-
9 (RLIN) 42411
906 ## - LOCAL DATA ELEMENT F, LDF (RLIN)
a 7
b cbc
c copycat
d 2
e ncip
f 20
g y-gencatlg
942 ## - ADDED ENTRY ELEMENTS (KOHA)
Source of classification or shelving scheme Library of Congress Classification
Koha item type Monograph ( Printed materials)
Holdings
Withdrawn status Lost status Source of classification or shelving scheme Damaged status Not for loan Collection code Home library Current library Shelving location Date acquired Total Checkouts Full call number Barcode Date last seen Price effective from Koha item type
    Library of Congress Classification     Main Collection ARRUPE LIBRARY ARRUPE LIBRARY Main Collection 20/09/2018   B803 .O94 2009 46600002105 01/10/2018 20/09/2018 Monograph ( Printed materials)

 

Arrupe Library. PO Box MP320 Mt Pleasant, Harare, Zimbabwe
263 242 745411|librarian@aju.ac.zw